[Event "ENCI Limburg-open B"]
[Site "Maastricht"]
[Date "2008.05.12"]
[Round "7"]
[White "Moers, Lennard"]
[Black "Chappin, Rene"]
[Result "1/2-1/2"]
[WhiteElo "1492"]
[BlackElo "1700"]
[PlyCount "27"]
[EventDate "2008.05.09"]
[EventType "swiss"]
[EventRounds "7"]
[EventCountry "NED"]
[Source "P.Boonen"]
[SourceDate "2010.01.01"]

1. e4 e6 2. d4 d5 3. exd5 exd5 4. c4 Nf6 5. Nc3 c6 6. Qb3 Be7 7. Nf3 O-O 8. Be2
Qb6 9. Qxb6 axb6 10. O-O dxc4 11. Bxc4 Na6 12. Bf4 Bf5 13. Rfe1 Bb4 14. Be5
1/2-1/2

[Event "ENCI Limburg-open B"]
[Site "Maastricht"]
[Date "2008.05.12"]
[Round "7"]
[White "Mollema, Thomas"]
[Black "Hodenius, Frans"]
[Result "1/2-1/2"]
[WhiteElo "1422"]
[BlackElo "1590"]
[PlyCount "37"]
[EventDate "2008.05.09"]
[EventType "swiss"]
[EventRounds "7"]
[EventCountry "NED"]
[Source "P.Boonen"]
[SourceDate "2010.01.01"]

1. e4 d6 2. d4 Nf6 3. Nc3 g6 4. Nf3 Bg7 5. Bc4 O-O 6. O-O c6 7. Bg5 Qa5 8. Re1
Bg4 9. Bh4 Nfd7 10. Bxe7 Re8 11. Bxd6 Be6 12. d5 Bg4 13. b4 Qd8 14. Qd3 Nb6 15.
Bg3 Nxc4 16. Qxc4 Bxf3 17. gxf3 cxd5 18. exd5 Nd7 19. Rxe8+ 1/2-1/2

[Event "ENCI Limburg-open B"]
[Site "Maastricht"]
[Date "2008.05.12"]
[Round "7"]
[White "Moog, Gerhard"]
[Black "Braam, Marco"]
[Result "1-0"]
[WhiteElo "1845"]
[BlackElo "1590"]
[PlyCount "59"]
[EventDate "2008.05.09"]
[EventType "swiss"]
[EventRounds "7"]
[EventCountry "NED"]
[Source "P.Boonen"]
[SourceDate "2010.01.01"]

1. e4 e5 2. Nf3 d6 3. d4 exd4 4. Qxd4 Nc6 5. Bb5 Bd7 6. Bxc6 Bxc6 7. Nc3 Nf6 8.
Bg5 Be7 9. O-O-O h6 10. Bh4 O-O 11. h3 Re8 12. Rhe1 Nh5 13. Bxe7 Rxe7 14. Nh4
Bd7 15. g4 Nf4 16. Nf5 Bxf5 17. gxf5 Re5 18. Qe3 Ng2 19. Qd2 Nxe1 20. Rxe1 Qh4
21. f4 Ree8 22. Nd5 Rac8 23. Rg1 c6 24. Qd4 g6 25. fxg6 cxd5 26. gxf7+ Kf8 27.
Qg7+ Ke7 28. f8=Q+ Kd8 29. Qff6+ Qxf6 30. Qxf6+ 1-0

[Event "ENCI Limburg-open B"]
[Site "Maastricht"]
[Date "2008.05.12"]
[Round "7"]
[White "Neve, Peter"]
[Black "Doossche, Carlo"]
[Result "1-0"]
[WhiteElo "1636"]
[BlackElo "1836"]
[PlyCount "71"]
[EventDate "2008.05.09"]
[EventType "swiss"]
[EventRounds "7"]
[EventCountry "NED"]
[Source "P.Boonen"]
[SourceDate "2010.01.01"]

1. Nf3 d5 2. d4 Nf6 3. h3 c5 4. c3 Nc6 5. Bf4 e6 6. e3 Ne4 7. Nbd2 cxd4 8. exd4
Bd6 9. Bxd6 Nxd6 10. Bd3 O-O 11. O-O f6 12. Re1 f5 13. Ne5 Ne4 14. Nxc6 bxc6
15. Nf3 c5 16. Bxe4 dxe4 17. Ne5 Qd5 18. Qb3 Qxb3 19. axb3 cxd4 20. cxd4 Rd8
21. Red1 Bb7 22. Rac1 Rac8 23. Rc3 Rxc3 24. bxc3 Kf8 25. Ra1 a6 26. Kf1 g5 27.
g3 Ke7 28. Ke2 f4 29. gxf4 gxf4 30. Rg1 Kf6 31. Rg4 Kf5 32. Rg7 Bd5 33. Rf7+
Kg5 34. Rxh7 Rf8 35. h4+ Kf6 36. Nd7+ 1-0

[Event "ENCI Limburg-open B"]
[Site "Maastricht"]
[Date "2008.05.12"]
[Round "7"]
[White "Obels, Pepijn"]
[Black "Schrijvers, Kees"]
[Result "1-0"]
[WhiteElo "1728"]
[BlackElo "1655"]
[PlyCount "115"]
[EventDate "2008.05.09"]
[EventType "swiss"]
[EventRounds "7"]
[EventCountry "NED"]
[Source "P.Boonen"]
[SourceDate "2010.01.01"]

1. e4 c5 2. d4 e6 3. Nf3 cxd4 4. c3 g6 5. cxd4 Bg7 6. Nc3 Ne7 7. Bb5 O-O 8. O-O
a6 9. Ba4 b5 10. Bc2 Bb7 11. Bg5 h6 12. Bh4 g5 13. Bg3 f5 14. Be5 Bxe5 15. Nxe5
d6 16. Nf3 b4 17. Ne2 fxe4 18. Nd2 d5 19. Ng3 Nf5 20. Nb3 Nc6 21. Nc5 Bc8 22.
Nxf5 exf5 23. Ba4 Qf6 24. Bxc6 Qxc6 25. Rc1 Qe8 26. Qb3 Qf7 27. Qxb4 f4 28. f3
exf3 29. Rxf3 g4 30. Rf2 Qh5 31. Nd3 Qg5 32. Ne5 f3 33. Qc5 Be6 34. Re1 Rac8
35. Qd6 Rfe8 36. Nc6 Bf7 37. Ne7+ Rxe7 38. Qxe7 Qxe7 39. Rxe7 Rc1+ 40. Rf1 Rc2
41. gxf3 Kf8 42. Ra7 g3 43. hxg3 Rxb2 44. Rxa6 Kg7 45. Rf2 Rb1+ 46. Kg2 Rd1 47.
Ra4 Be8 48. Rb4 Bg6 49. a4 Bd3 50. Rb7+ Kg6 51. Rfb2 Kg5 52. Rg7+ Kf6 53. Rc7
Bf1+ 54. Kf2 Bc4 55. Rb6+ Kg5 56. Rg7+ Kh5 57. g4+ Kh4 58. Rxh6# 1-0

[Event "ENCI Limburg-open B"]
[Site "Maastricht"]
[Date "2008.05.12"]
[Round "7"]
[White "Overtoom, Reinier"]
[Black "Roelofs, Iris"]
[Result "1-0"]
[WhiteElo "1672"]
[BlackElo "1330"]
[PlyCount "51"]
[EventDate "2008.05.09"]
[EventType "swiss"]
[EventRounds "7"]
[EventCountry "NED"]
[Source "P.Boonen"]
[SourceDate "2010.01.01"]

1. Nc3 e5 2. e4 Nf6 3. f4 Nc6 4. fxe5 Nxe5 5. d4 Ng6 6. e5 Ng8 7. Nf3 f6 8. Bc4
Bb4 9. O-O Bxc3 10. bxc3 d6 11. exf6 Nxf6 12. Re1+ Ne7 13. Qe2 d5 14. Ba3 dxc4
15. Bxe7 Qd7 16. Bxf6+ Kf7 17. Ne5+ Kxf6 18. Nxd7+ Bxd7 19. Qe7+ Kg6 20. Qxd7
Rhf8 21. Re6+ Rf6 22. Rxf6+ gxf6 23. Re1 Rf8 24. Qg4+ Kf7 25. Qh5+ Kg8 26. Re7
1-0

[Event "ENCI Limburg-open B"]
[Site "Maastricht"]
[Date "2008.05.12"]
[Round "7"]
[White "Pietz, Helmut"]
[Black "Auwens, Michel"]
[Result "0-1"]
[WhiteElo "1715"]
[BlackElo "1801"]
[PlyCount "80"]
[EventDate "2008.05.09"]
[EventType "swiss"]
[EventRounds "7"]
[EventCountry "NED"]
[Source "P.Boonen"]
[SourceDate "2010.01.01"]

1. Nf3 Nf6 2. g3 d5 3. d3 c6 4. Bg2 Nbd7 5. O-O e5 6. Nbd2 Be7 7. e4 d4 8. Nc4
Qc7 9. Bg5 b5 10. Ncd2 h6 11. Bxf6 Bxf6 12. Ne1 g5 13. f3 h5 14. g4 Nf8 15. Bh3
Ng6 16. Ng2 Be6 17. Rf2 Ke7 18. Nf1 Nf4 19. Nxf4 gxf4 20. Rg2 Rag8 21. Qe2 Qd7
22. Kh1 hxg4 23. Bxg4 Bxg4 24. fxg4 Rh3 25. Nd2 Re3 26. Qd1 Qe6 27. Nf1 Rh3 28.
Nd2 Rh4 29. Qf3 Rhxg4 30. Rxg4 Rxg4 31. b3 Bh4 32. Rg1 Rxg1+ 33. Kxg1 Be1 34.
Nf1 Qg6+ 35. Kh1 Qg5 36. h3 Qh4 37. Nh2 Bd2 38. Ng4 Qe1+ 39. Kg2 Be3 40. Qf1
f3+ 0-1

[Event "ENCI Limburg-open B"]
[Site "Maastricht"]
[Date "2008.05.12"]
[Round "7"]
[White "Racke, Dana"]
[Black "Hendrikse, Arnoud"]
[Result "0-1"]
[WhiteElo "1075"]
[BlackElo "1444"]
[PlyCount "38"]
[EventDate "2008.05.09"]
[EventType "swiss"]
[EventRounds "7"]
[EventCountry "NED"]
[Source "P.Boonen"]
[SourceDate "2010.01.01"]

1. Nf3 d5 2. g3 Nc6 3. Bg2 e5 4. d3 Nf6 5. Nbd2 Bf5 6. O-O Bc5 7. b3 h6 8. Bb2
Bd6 9. a3 O-O 10. c4 Be6 11. Rc1 Rb8 12. d4 exd4 13. Nxd4 Nxd4 14. Bxd4 Bxa3
15. Ra1 Be7 16. Rxa7 dxc4 17. Nxc4 Bxc4 18. bxc4 b6 19. Ra3 Bxa3 0-1

[Event "ENCI Limburg-open B"]
[Site "Maastricht"]
[Date "2008.05.12"]
[Round "7"]
[White "Rahangmetan, Derek Jan"]
[Black "Ucaroglu, Melih Furkan"]
[Result "1/2-1/2"]
[WhiteElo "1507"]
[BlackElo "1064"]
[PlyCount "56"]
[EventDate "2008.05.09"]
[EventType "swiss"]
[EventRounds "7"]
[EventCountry "NED"]
[Source "P.Boonen"]
[SourceDate "2010.01.01"]

1. d4 d5 2. e3 e6 3. Bd3 c5 4. c3 Nc6 5. f4 Nf6 6. Nd2 Be7 7. Ngf3 O-O 8. O-O
Bd7 9. Ne5 Nxe5 10. fxe5 Ne8 11. Rf3 f6 12. Rg3 fxe5 13. dxe5 Rf7 14. Qh5 g6
15. Nf3 Rg7 16. Qh3 b6 17. Qg4 Nc7 18. Bd2 Qe8 19. a4 b5 20. b3 bxa4 21. bxa4
Rb8 22. Bc2 Rb2 23. Ne1 Qd8 24. Rf3 Bh4 25. g3 Be7 26. Bc1 Rb8 27. Qf4 Qf8 28.
Qg4 Qe8 1/2-1/2

[Event "ENCI Limburg-open B"]
[Site "Maastricht"]
[Date "2008.05.12"]
[Round "7"]
[White "Reyskens, Jules"]
[Black "Vandersmissen, Hans"]
[Result "1/2-1/2"]
[WhiteElo "1721"]
[BlackElo "1530"]
[PlyCount "45"]
[EventDate "2008.05.09"]
[EventType "swiss"]
[EventRounds "7"]
[EventCountry "NED"]
[Source "P.Boonen"]
[SourceDate "2010.01.01"]

1. e4 d5 2. exd5 Nf6 3. Nf3 Nxd5 4. d4 Bg4 5. h3 Bh5 6. Be2 e6 7. O-O c6 8. Ne5
Bg6 9. Bf3 Bd6 10. Nxg6 hxg6 11. Bxd5 cxd5 12. Qe2 Nc6 13. c3 a6 14. Nd2 g5 15.
f3 Qb6 16. Nb3 O-O 17. Bxg5 e5 18. Be3 exd4 19. Bxd4 Nxd4 20. Nxd4 Bc5 21. Qd2
Bxd4+ 22. cxd4 Rac8 23. Rac1 1/2-1/2

[Event "ENCI Limburg-open B"]
[Site "Maastricht"]
[Date "2008.05.12"]
[Round "7"]
[White "Roelofs, Eric"]
[Black "Sterck, Arno"]
[Result "1-0"]
[WhiteElo "1415"]
[BlackElo "1133"]
[PlyCount "61"]
[EventDate "2008.05.09"]
[EventType "swiss"]
[EventRounds "7"]
[EventCountry "NED"]
[Source "P.Boonen"]
[SourceDate "2010.01.01"]

1. e4 e5 2. Nf3 Nc6 3. Bc4 Nf6 4. d3 d6 5. h3 Be7 6. Nc3 O-O 7. Be3 Be6 8. Bxe6
fxe6 9. Ng5 d5 10. Nxe6 Qd6 11. Nxf8 d4 12. Nd5 dxe3 13. Nxf6+ Bxf6 14. Nxh7
exf2+ 15. Kxf2 Kxh7 16. c3 Bh4+ 17. Ke2 Qf6 18. Qf1 Qxf1+ 19. Raxf1 Rg8 20. Rf7
Rc8 21. Rhf1 Bf6 22. R1xf6 Nd8 23. Rf1 Nxf7 24. Rxf7 Kg6 25. Rf5 Re8 26. Ke3
Kh6 27. Rf7 Re6 28. Rxc7 Rg6 29. Kf2 Rf6+ 30. Kg1 Rb6 31. b3 1-0

[Event "ENCI Limburg-open B"]
[Site "Maastricht"]
[Date "2008.05.12"]
[Round "7"]
[White "Roemhild, Wolfgang"]
[Black "Johnen, Franz"]
[Result "0-1"]
[WhiteElo "1734"]
[BlackElo "1587"]
[PlyCount "127"]
[EventDate "2008.05.09"]
[EventType "swiss"]
[EventRounds "7"]
[EventCountry "NED"]
[Source "P.Boonen"]
[SourceDate "2010.01.01"]

1. e4 c5 2. f4 e6 3. Nf3 d5 4. e5 f5 5. d4 Nc6 6. c3 cxd4 7. cxd4 Bd7 8. Nc3
Rc8 9. Be2 Be7 10. O-O Nh6 11. Ng5 O-O 12. Nh3 a6 13. Kh1 b5 14. Bf3 Qb6 15.
Be3 b4 16. Ne2 Na5 17. Bf2 Rc7 18. Ng5 Rfc8 19. b3 Nf7 20. Nxf7 Kxf7 21. Ng3 g6
22. h4 Bb5 23. Nxf5 gxf5 24. Bh5+ Kf8 25. Re1 Rc2 26. Qf3 Qd8 27. Qg3 R8c3 28.
Bf3 Be8 29. Rad1 Bh5 30. Re3 Rxe3 31. Bxe3 Bxh4 32. Qh3 Bg6 33. g4 fxg4 34.
Bxg4 Be4+ 35. Kg1 Rg2+ 36. Qxg2 Bxg2 37. Kxg2 Qc8 38. Rc1 Qd7 39. Kf3 Nc6 40.
f5 exf5 41. Bh5 Ne7 42. Bh6+ Kg8 43. Rg1+ Ng6 44. Bxg6 hxg6 45. Rxg6+ Kh7 46.
Rd6 Qxd6 47. exd6 Kxh6 48. Kf4 Kg6 49. Ke5 Bg3+ 50. Kxd5 Kf6 51. Kc5 Bxd6+ 52.
Kxd6 f4 53. Kc5 f3 54. Kxb4 f2 55. a4 f1=Q 56. Kc5 Ke6 57. b4 Qc1+ 58. Kb6 Qc4
59. Ka5 Kd5 60. b5 axb5 61. axb5 Kd6 62. b6 Kc6 63. d5+ Qxd5+ 64. Ka6 0-1

[Event "ENCI Limburg-open B"]
[Site "Maastricht"]
[Date "2008.05.12"]
[Round "7"]
[White "Schwanke, Enno"]
[Black "Been, Klaas"]
[Result "0-1"]
[WhiteElo "1399"]
[BlackElo "1625"]
[PlyCount "146"]
[EventDate "2008.05.09"]
[EventType "swiss"]
[EventRounds "7"]
[EventCountry "NED"]
[Source "P.Boonen"]
[SourceDate "2010.01.01"]

1. d4 d5 2. c4 e6 3. Nc3 Nf6 4. Bg5 Be7 5. Nf3 Nbd7 6. cxd5 Nxd5 7. Bxe7 Qxe7
8. Qb3 c6 9. e3 N7f6 10. Bd3 O-O 11. Nxd5 exd5 12. O-O Nd7 13. Qc2 g6 14. Rac1
f5 15. h4 Nf6 16. Ne5 Ne4 17. g3 Be6 18. f4 Nf6 19. Be2 Kg7 20. Qc5 Rfe8 21.
Qxe7+ Rxe7 22. Bf3 h6 23. Kf2 Ne4+ 24. Bxe4 fxe4 25. b4 a6 26. a4 h5 27. Rc5
Kf6 28. Rfc1 Bf7 29. Ke2 Be8 30. a5 Ke6 31. Kd2 Bf7 32. Ke2 Be8 33. Kd2 Kd6 34.
Ke2 Rc7 35. Kd2 Rb8 36. Kc3 b6 37. axb6 Rxb6 38. Ra5 Rcb7 39. Rb1 Kc7 40. Rb2
Ra7 41. Rba2 Kb7 42. Ra1 Ra8 43. R1a2 Rb8 44. Rb2 Kc7 45. Rb3 Rd8 46. Rba3 Kb7
47. Rb3 Rd6 48. Rb1 Rb5 49. Rxb5+ cxb5 50. Ra1 Rd8 51. Kb3 Rc8 52. Kb2 Kb6 53.
Kb3 Ra8 54. Ra5 Ra7 55. Kb2 Bc6 56. Nxc6 Kxc6 57. Ra1 Kd6 58. Kc2 Ke6 59. Kd2
Kf5 60. Ke2 Kg4 61. Kf2 Kf5 62. Rc1 a5 63. bxa5 Rxa5 64. Rc5 Ra2+ 65. Kf1 b4
66. Rxd5+ Kg4 67. Rb5 Rb2 68. Ke1 Kf3 69. Kd1 Kxe3 70. Kc1 Rb3 71. d5 Kf2 72.
d6 e3 73. d7 e2 0-1

[Event "ENCI Limburg-open B"]
[Site "Maastricht"]
[Date "2008.05.12"]
[Round "7"]
[White "Sharifi Shamili, Ashkan"]
[Black "Erin, Igor"]
[Result "0-1"]
[WhiteElo "1356"]
[BlackElo "1703"]
[PlyCount "88"]
[EventDate "2008.05.09"]
[EventType "swiss"]
[EventRounds "7"]
[EventCountry "NED"]
[Source "P.Boonen"]
[SourceDate "2010.01.01"]

1. e4 e5 2. Nf3 Nc6 3. Bc4 Bc5 4. d3 d6 5. h3 Nf6 6. c3 O-O 7. b4 Bb6 8. a4 a5
9. b5 Ne7 10. O-O Ng6 11. Be3 c6 12. Nbd2 d5 13. Bxb6 Qxb6 14. exd5 cxd5 15.
Bb3 Bf5 16. d4 e4 17. Ne5 Rad8 18. Nxg6 Bxg6 19. Re1 Qc7 20. Re3 Rd6 21. Qc2
Rfd8 22. Qb2 Nh5 23. g3 f5 24. Rae1 f4 25. gxf4 Nxf4 26. Nxe4 Bxe4 27. Rxe4
Nxh3+ 28. Kf1 Rf8 29. Re7 Qc8 30. R1e2 Nf4 31. R2e3 Qg4 32. f3 Qh3+ 33. Ke1
Ng2+ 34. Kd1 Nxe3+ 35. Rxe3 Qf1+ 36. Re1 Qxf3+ 37. Qe2 Qxc3 38. Bxd5+ Kh8 39.
Qe5 Qd3+ 40. Kc1 Rc8+ 41. Bc6 Rdxc6+ 42. bxc6 Rxc6+ 43. Qc5 Rxc5+ 44. dxc5 h5
0-1

[Event "ENCI Limburg-open B"]
[Site "Maastricht"]
[Date "2008.05.12"]
[Round "7"]
[White "Sofic, Narcis"]
[Black "Willen, Ronny"]
[Result "1-0"]
[WhiteElo "1882"]
[BlackElo "1812"]
[PlyCount "93"]
[EventDate "2008.05.09"]
[EventType "swiss"]
[EventRounds "7"]
[EventCountry "NED"]
[Source "P.Boonen"]
[SourceDate "2010.01.01"]

1. c4 e5 2. Nc3 Nc6 3. g3 g6 4. Bg2 Bg7 5. d3 d6 6. Bd2 Nf6 7. Rb1 Rb8 8. b4
O-O 9. b5 Nd4 10. Nf3 Ne6 11. O-O Nd7 12. Be3 f5 13. Nd5 Nb6 14. Bxb6 axb6 15.
Nd2 Ra8 16. Nb4 Kh8 17. e3 Qf6 18. Nd5 Qf7 19. a4 Nc5 20. Nb3 Nxb3 21. Qxb3 g5
22. f4 exf4 23. exf4 Bd4+ 24. Kh1 Be6 25. fxg5 Bxd5 26. Bxd5 Qh5 27. Qd1 Qxg5
28. Bxb7 Rae8 29. Rf3 Re6 30. Qf1 Rh6 31. Qg2 Rg6 32. Rbf1 Be5 33. Qf2 Rh6 34.
d4 Bg7 35. Rxf5 Rxf5 36. Qxf5 Qxf5 37. Rxf5 Bxd4 38. Rf7 Rf6 39. Rxc7 Rf1+ 40.
Kg2 Rf2+ 41. Kh3 Ra2 42. Be4 Rxa4 43. Rxh7+ Kg8 44. Rd7 Bc5 45. Bd5+ Kh8 46.
Kg4 Ra3 47. Kh5 1-0

[Event "ENCI Limburg-open B"]
[Site "Maastricht"]
[Date "2008.05.12"]
[Round "7"]
[White "Spoelstra, Henri"]
[Black "Camps, Jeroen"]
[Result "1-0"]
[WhiteElo "1739"]
[BlackElo "1447"]
[PlyCount "85"]
[EventDate "2008.05.09"]
[EventType "swiss"]
[EventRounds "7"]
[EventCountry "NED"]
[Source "P.Boonen"]
[SourceDate "2010.01.01"]

1. d4 d5 2. Bf4 c6 3. Nf3 Nf6 4. h3 e6 5. e3 Bd6 6. Be5 Bxe5 7. Nxe5 Nbd7 8. f4
O-O 9. Bd3 Qc7 10. O-O b6 11. Nd2 Bb7 12. Qe1 c5 13. c3 Qc8 14. Qh4 Ba6 15.
Nxd7 Bxd3 16. Nxf6+ gxf6 17. Rf3 Qd8 18. Rg3+ Kh8 19. Qh6 Rg8 20. Rxg8+ Kxg8
21. Nf1 Qe7 22. Ng3 Bg6 23. Rf1 Kh8 24. f5 exf5 25. Nxf5 Qf8 26. Qxf8+ Rxf8 27.
Ne7 Rd8 28. Nxg6+ fxg6 29. Rxf6 Kg7 30. Re6 Kf7 31. Re5 Kf6 32. Kf2 g5 33. Kg3
h6 34. Kg4 a6 35. h4 gxh4 36. Kxh4 c4 37. Kg4 Rg8+ 38. Kf3 Rd8 39. e4 dxe4+ 40.
Kxe4 Rg8 41. Kf3 Rf8 42. g4 b5 43. Rf5+ 1-0

[Event "ENCI Limburg-open B"]
[Site "Maastricht"]
[Date "2008.05.12"]
[Round "7"]
[White "Suilen, Willem"]
[Black "Peek, Harrie"]
[Result "1-0"]
[WhiteElo "1570"]
[BlackElo "1722"]
[PlyCount "77"]
[EventDate "2008.05.09"]
[EventType "swiss"]
[EventRounds "7"]
[EventCountry "NED"]
[Source "P.Boonen"]
[SourceDate "2010.01.01"]

1. e4 d5 2. exd5 Nf6 3. d4 Nxd5 4. Nf3 g6 5. Bc4 Bg7 6. O-O O-O 7. Be3 Bg4 8.
c3 Nb6 9. Be2 Nc6 10. Nbd2 e5 11. Nxe5 Bxe2 12. Nxc6 bxc6 13. Qxe2 Nd5 14. Nf3
Re8 15. Qd2 Nxe3 16. fxe3 Bh6 17. Rae1 Re4 18. Re2 Qd7 19. Qd3 Rae8 20. Rfe1
R8e6 21. Nd2 Rh4 22. e4 Bxd2 23. Qxd2 Rh5 24. e5 Qe8 25. Rf1 c5 26. Ref2 cxd4
27. cxd4 Qd8 28. Rxf7 Re8 29. Qf4 Rf5 30. Rxf5 gxf5 31. Qg3+ Kh8 32. Qe3 Re6
33. Rxf5 Qd5 34. a3 Kg7 35. Rg5+ Kh8 36. Qf4 Qd8 37. Rf5 Kg8 38. Qg5+ Qxg5 39.
Rxg5+ 1-0

[Event "ENCI Limburg-open B"]
[Site "Maastricht"]
[Date "2008.05.12"]
[Round "7"]
[White "Thoma, Sophia"]
[Black "Loose, Rob"]
[Result "1/2-1/2"]
[WhiteElo "1722"]
[BlackElo "1859"]
[PlyCount "110"]
[EventDate "2008.05.09"]
[EventType "swiss"]
[EventRounds "7"]
[EventCountry "NED"]
[Source "P.Boonen"]
[SourceDate "2010.01.01"]

1. e4 e5 2. Nf3 Nc6 3. Bb5 a6 4. Ba4 d6 5. h3 Nf6 6. d3 Be7 7. O-O O-O 8. c3
Bd7 9. Re1 Qe8 10. Bc2 Rd8 11. a3 Bc8 12. d4 Nd7 13. Nbd2 Bf6 14. Nf1 g6 15.
Ne3 Ne7 16. Ng4 Bg7 17. Bb3 Kh8 18. Ng5 h6 19. Nxf7+ Rxf7 20. Bxf7 Qxf7 21.
Nxh6 Qf8 22. Ng4 exd4 23. cxd4 Nb6 24. Nh2 Qf7 25. Nf3 Rf8 26. Qd2 Nc6 27. e5
dxe5 28. dxe5 Nc4 29. Qg5 Qf5 30. Qh4+ Qh5 31. Qxc4 Rxf3 32. gxf3 Nxe5 33. Rxe5
Bxe5 34. Bf4 Bg7 35. Bg3 Qxf3 36. Qh4+ Kg8 37. Qd8+ Qf8 38. Rd1 Bxh3 39. Qxf8+
Kxf8 40. b4 c6 41. Rd8+ Kf7 42. Rb8 b5 43. Rb7+ Kg8 44. Rb6 Bd7 45. Rxa6 Bd4
46. Bd6 Kf7 47. a4 bxa4 48. Rxa4 Ke6 49. Bf8 Kd5 50. Ra5+ Kc4 51. Rg5 Bf5 52.
Rg3 Bc3 53. Rf3 Bd2 54. Kh2 Kb5 55. Rb3 Kc4 1/2-1/2

[Event "ENCI Limburg-open B"]
[Site "Maastricht"]
[Date "2008.05.12"]
[Round "7"]
[White "Tran, Long"]
[Black "Drose, Daniela"]
[Result "0-1"]
[WhiteElo "1845"]
[BlackElo "1735"]
[PlyCount "107"]
[EventDate "2008.05.09"]
[EventType "swiss"]
[EventRounds "7"]
[EventCountry "NED"]
[Source "P.Boonen"]
[SourceDate "2010.01.01"]

1. Nf3 Nf6 2. d4 e6 3. Bg5 Be7 4. Nbd2 d5 5. e3 Nbd7 6. Bd3 c5 7. c3 b6 8. O-O
Bb7 9. Ne5 Nxe5 10. dxe5 Nd7 11. Bxe7 Qxe7 12. f4 a6 13. Qg4 f5 14. exf6 Nxf6
15. Qh3 O-O-O 16. Nf3 h5 17. Ne5 Rh6 18. Rad1 Nd7 19. Nf3 Kb8 20. c4 e5 21.
fxe5 Nxe5 22. Qg3 Re8 23. cxd5 Ka7 24. Nxe5 Qxe5 25. Qxe5 Rxe5 26. e4 Rd6 27.
Rf7 Kb8 28. Rxg7 Bxd5 29. exd5 Rexd5 30. Rg3 c4 31. Kf2 cxd3 32. h3 b5 33. b4
Kc7 34. Rd2 Kb6 35. Rf3 Rd4 36. a3 a5 37. g3 axb4 38. axb4 Rxb4 39. Rfxd3 Rxd3
40. Rxd3 Kc5 41. Re3 Rd4 42. Re8 Kc4 43. Rc8+ Kd5 44. Rh8 b4 45. Rxh5+ Kc4 46.
Rh8 b3 47. Rc8+ Kd3 48. g4 Rb4 49. Rd8+ Ke4 50. Re8+ Kf4 51. Re1 Rc4 52. Rb1
Rc2+ 53. Ke1 b2 54. Kd1 0-1

[Event "ENCI Limburg-open B"]
[Site "Maastricht"]
[Date "2008.05.12"]
[Round "7"]
[White "Tromp, Sander"]
[Black "Hein, Andreas"]
[Result "1-0"]
[WhiteElo "1791"]
[BlackElo "1637"]
[PlyCount "43"]
[EventDate "2008.05.09"]
[EventType "swiss"]
[EventRounds "7"]
[EventCountry "NED"]
[Source "P.Boonen"]
[SourceDate "2010.01.01"]

1. e4 e6 2. d4 d5 3. Nc3 Bb4 4. e5 c5 5. a3 cxd4 6. axb4 dxc3 7. Qg4 g6 8. h4
h5 9. Qg3 cxb2 10. Bxb2 a5 11. Bd3 Ne7 12. Nh3 Nbc6 13. bxa5 Rxa5 14. O-O Rxa1
15. Rxa1 Nb4 16. Bb5+ Bd7 17. Bxd7+ Kxd7 18. Qb3 Nbc6 19. Ng5 Rf8 20. Nh7 Rh8
21. Qxb7+ Ke8 22. Nf6+ 1-0

[Event "ENCI Limburg-open B"]
[Site "Maastricht"]
[Date "2008.05.12"]
[Round "7"]
[White "Van Ginneken, Jeroen"]
[Black "Marcoen, Tom"]
[Result "1-0"]
[WhiteElo "1597"]
[BlackElo "1384"]
[PlyCount "109"]
[EventDate "2008.05.09"]
[EventType "swiss"]
[EventRounds "7"]
[EventCountry "NED"]
[Source "P.Boonen"]
[SourceDate "2010.01.01"]

1. f4 d5 2. e3 Nf6 3. Nf3 Bg4 4. Be2 e6 5. b3 Bd6 6. Bb2 Nbd7 7. O-O O-O 8. Qe1
Re8 9. Nc3 e5 10. fxe5 Nxe5 11. Qf2 Nxf3+ 12. Bxf3 Bxf3 13. Qxf3 c6 14. Ne2 Be5
15. Bxe5 Rxe5 16. Qg3 Qe7 17. Nd4 Ne4 18. Qe1 Rf8 19. a4 Qc7 20. Nf3 Rh5 21. d3
Nf6 22. a5 Ng4 23. g3 Re8 24. e4 dxe4 25. dxe4 f5 26. Ra4 Ne5 27. Qe2 Qf7 28.
Nh4 g6 29. h3 Nd7 30. Qf2 f4 31. Qxf4 Qxf4 32. Rxf4 g5 33. Rf5 Re5 34. Nf3 Rxf5
35. exf5 Rxh3 36. Kg2 Rh6 37. Rd4 Nf8 38. Nxg5 Rf6 39. g4 h5 40. Kg3 hxg4 41.
Kxg4 b6 42. Rd8 bxa5 43. Ne6 c5 44. Rxf8+ Rxf8 45. Nxf8 Kxf8 46. Kf4 c4 47. Ke4
cxb3 48. cxb3 Ke7 49. Ke5 a6 50. Kd5 Kf6 51. Kc5 Kxf5 52. Kb6 a4 53. bxa4 Ke6
54. Kxa6 Kd7 55. Kb7 1-0

[Event "ENCI Limburg-open B"]
[Site "Maastricht"]
[Date "2008.05.12"]
[Round "7"]
[White "Van Liempt, Michael"]
[Black "Woudsma, Ron"]
[Result "1-0"]
[WhiteElo "1788"]
[BlackElo "1607"]
[PlyCount "91"]
[EventDate "2008.05.09"]
[EventType "swiss"]
[EventRounds "7"]
[EventCountry "NED"]
[Source "P.Boonen"]
[SourceDate "2010.01.01"]

1. Nf3 d5 2. c4 e6 3. e3 Nf6 4. Nc3 b6 5. Be2 Bb7 6. O-O Be7 7. d4 O-O 8. Bd2
Nbd7 9. Rc1 Rc8 10. a3 c5 11. b3 cxd4 12. exd4 dxc4 13. bxc4 Ne4 14. Nxe4 Bxe4
15. Bb4 Bxb4 16. axb4 Bxf3 17. Bxf3 Nf6 18. c5 Qe7 19. Re1 Qd8 20. Ra1 Rc7 21.
Re5 Qb8 22. Ra6 Nd7 23. Re3 Rd8 24. Qa1 bxc5 25. bxc5 Qb4 26. Ra4 Qb8 27. Rea3
Nf6 28. Rxa7 Rxa7 29. Rxa7 Nd5 30. Bxd5 exd5 31. g3 g6 32. Kg2 Kg7 33. Qa5 Rc8
34. Rd7 Qb1 35. Re7 Qd3 36. Qa1 Qf5 37. Qe1 Kf8 38. Qe5 Qxe5 39. Rxe5 Rd8 40.
Kf1 f6 41. Re3 Ra8 42. h4 Ra4 43. Rd3 Ke7 44. Ke2 f5 45. Ke3 Kd7 46. Rb3 1-0

[Event "ENCI Limburg-open B"]
[Site "Maastricht"]
[Date "2008.05.12"]
[Round "7"]
[White "Van Meegen, Henk"]
[Black "Gundogmus, Alaettin"]
[Result "1-0"]
[WhiteElo "1403"]
[BlackElo "1586"]
[PlyCount "65"]
[EventDate "2008.05.09"]
[EventType "swiss"]
[EventRounds "7"]
[EventCountry "NED"]
[Source "P.Boonen"]
[SourceDate "2010.01.01"]

1. e4 e5 2. Nf3 Nc6 3. Nc3 Nf6 4. d4 exd4 5. Nxd4 Bb4 6. Nxc6 bxc6 7. Qd4 Bxc3+
8. Qxc3 Nxe4 9. Qxg7 Qf6 10. Qxf6 Nxf6 11. Bd3 Bb7 12. Bd2 h6 13. Bc3 O-O-O 14.
O-O-O Ng4 15. Bxh8 Nxf2 16. Bf6 Rg8 17. Rhg1 Nxd1 18. Kxd1 c5 19. g3 Bf3+ 20.
Be2 Bd5 21. b3 c6 22. Rf1 Rg6 23. Bc3 Rd6 24. Kc1 Re6 25. Ba6+ Kc7 26. Bd3 Re8
27. Kb2 Rb8 28. Be5+ d6 29. Bc3 c4 30. Be2 cxb3 31. cxb3 c5 32. Rf4 c4 33. Bxc4
1-0

[Event "ENCI Limburg-open B"]
[Site "Maastricht"]
[Date "2008.05.12"]
[Round "7"]
[White "Van Oirschot, Kees"]
[Black "Bravo, Fabio"]
[Result "1/2-1/2"]
[WhiteElo "1807"]
[BlackElo "1665"]
[PlyCount "37"]
[EventDate "2008.05.09"]
[EventType "swiss"]
[EventRounds "7"]
[EventCountry "NED"]
[Source "P.Boonen"]
[SourceDate "2010.01.01"]

1. d4 Nf6 2. c4 g6 3. Nc3 d5 4. cxd5 Nxd5 5. Nf3 Nxc3 6. bxc3 Bg7 7. Qb3 O-O 8.
e3 b6 9. Ba3 Bb7 10. Be2 Nc6 11. Rd1 Re8 12. O-O e6 13. e4 Ne7 14. Qb1 Qd7 15.
Bb5 Bc6 16. Bd3 Rad8 17. Rfe1 Qc8 18. Bb2 Bb7 19. c4 1/2-1/2